| 000 | 00558cab a2200193 4500 | ||
|---|---|---|---|
| 001 | WB2627-05 | ||
| 008 | 090401t1990 xxu||||| |||| 00| 0 eng d | ||
| 035 | _a(Sirsi) u9375 | ||
| 041 | _aeng | ||
| 245 | _aOptimistic property outlook | ||
| 260 | _c1990 | ||
| 350 | _a0 | ||
| 490 |
_aTimes _v11/7/90 p35 |
||
| 520 | _aEdward Erdman `s commentary on the property market emphasises a brighter future in 1991, depending on a drop in the interest rate. | ||
| 650 | _aFORECAST | ||
| 690 | _aPROPERTY-COMMERCIAL PROPERTY | ||
| 942 | _n0 | ||
| 948 | _c04/03/1997 | ||
| 999 |
_c5847 _d5847 |
||